विज्ञान व्यवसाय आणि संधी (Record no. 144435)

MARC details
000 -LEADER
fixed length control field 00520nam a2200157Ia 4500
008 - FIXED-LENGTH DATA ELEMENTS--GENERAL INFORMATION
fixed length control field 090124s9999 xx 000 0 und d
082 ## - DEWEY DECIMAL CLASSIFICATION NUMBER
Item number 30955
Classification number 2202
245 ## - TITLE STATEMENT
Title विज्ञान व्यवसाय आणि संधी
250 ## - EDITION STATEMENT
Edition statement 1
260 ## - PUBLICATION, DISTRIBUTION, ETC. (IMPRINT)
Date of publication, distribution, etc 2001
300 ## - PHYSICAL DESCRIPTION
Extent 72
630 ## - SUBJECT ADDED ENTRY--UNIFORM TITLE
Uniform title विज्ञान व्यवसाय आणि संधी
700 ## - ADDED ENTRY--PERSONAL NAME
Personal name डिंगणकर म. वि.
730 ## - ADDED ENTRY--UNIFORM TITLE
Uniform title विज्ञान व्यवसाय आणि संधी
942 ## - ADDED ENTRY ELEMENTS (KOHA)
Koha item type Book
Holdings
Withdrawn status Lost status Damaged status Not for loan Home library Current library Date acquired Cost, normal purchase price Total Checkouts Full call number Barcode Date last seen Cost, replacement price Price effective from Koha item type
        Marathi Granth Sangrahalaya,Thane Marathi Granth Sangrahalaya,Thane   80.00   30955 THNMGS-30955 01/24/2009 80.00 01/24/2009 Book